Интернет-технологии: учебное пособие

Bibliografske podrobnosti
Glavni avtor: Гуриков С. Р. Сергей Ростиславович
Izvleček:Учебное пособие направлено на получение компетенций в области интернет-технологий. Простым и доступным языком описываются теоретические основы интернет-технологий, изучение которых поможет ликвидировать пробелы в знаниях по актуальному на сегодняшний день виду деятельности практически каждого человека.Семь практикумов, приведенных в пособии, дадут возможность приобрести навыки и компетенции, востребованные на рынке труда и необходимые для реализации профес­сиональных и ежедневных задач.Пособие предназначено для студентов и преподавателей высших учебных заведений, а также будет полезно учащимся колледжей и всем заинтересованным в развитии своих ключевых компетенций в сфере информационно-коммуникационных технологий.
Jezik:ruščina
Izdano: Москва, Форум, 2015
Serija:Высшее образование. Бакалавриат
Teme:
Format: MixedMaterials Knjiga
KOHA link:https://koha.lib.tpu.ru/cgi-bin/koha/opac-detail.pl?biblionumber=275689

MARC

LEADER 00000nam0a2200000 4500
001 275689
005 20231101234841.0
010 |a 9785000910016 
010 |a 978-5-16-010422-5 
035 |a (RuTPU)RU\TPU\book\298939 
090 |a 275689 
100 |a 20141117d2015 m y0rusy50 ca 
101 0 |a rus 
102 |a RU 
105 |a a j 001zy 
200 1 |a Интернет-технологии  |e учебное пособие  |f С. Р. Гуриков 
210 |a Москва  |c Форум  |c Инфра-М  |d 2015 
215 |a 184 с.  |c ил. 
225 1 |a Высшее образование. Бакалавриат 
320 |a Библиогр.: с. 181. 
330 |a Учебное пособие направлено на получение компетенций в области интернет-технологий. Простым и доступным языком описываются теоретические основы интернет-технологий, изучение которых поможет ликвидировать пробелы в знаниях по актуальному на сегодняшний день виду деятельности практически каждого человека.Семь практикумов, приведенных в пособии, дадут возможность приобрести навыки и компетенции, востребованные на рынке труда и необходимые для реализации профес­сиональных и ежедневных задач.Пособие предназначено для студентов и преподавателей высших учебных заведений, а также будет полезно учащимся колледжей и всем заинтересованным в развитии своих ключевых компетенций в сфере информационно-коммуникационных технологий. 
606 1 |a Интернет  |2 stltpush  |3 (RuTPU)RU\TPU\subj\12831  |9 39541 
610 1 |a интернет-технологии 
610 1 |a история 
610 1 |a информационные ресурсы 
610 1 |a компьютерные сети 
610 1 |a информационный поиск 
610 1 |a мировые ресурсы 
610 1 |a теория 
610 1 |a практикумы 
610 1 |a учебные пособия 
675 |a 004.738.5(075.8)  |v 4 
700 1 |a Гуриков  |b С. Р.  |g Сергей Ростиславович 
801 1 |a RU  |b 63413507  |c 20141117 
801 2 |a RU  |b 63413507  |c 20150630  |g RCR 
942 |c BK 
959 |a 141/20141027  |d 2  |e 309,90  |f ЧЗТЛ:1  |f АНЛ:1